000 00317nam a22001217a 4500
008 190311b xxu||||| |||| 00| 0 eng d
041 _aeng
080 _a043.3
100 _a0
101 _aMEK-BA
245 _aPërfitimet mjedisore nga prodhimi i energjisë elektrike me panele solare
_cGjelaj,V
942 _2udc
_cBK
999 _c54674
_d54674